اللياقة والاستشفاء في المجال الرياضي / (رقم التسجيلة. 140236)

تفاصيل مارك
000 -LEADER
fixed length control field 00506nam a22001577a 4500
005 - DATE AND TIME OF LATEST TRANSACTION
control field 20251108175709.0
008 - FIXED-LENGTH DATA ELEMENTS--GENERAL INFORMATION
fixed length control field 250721s2020 xx 000 0 ara d
082 14 - DEWEY DECIMAL CLASSIFICATION NUMBER
Classification number 796.077/اسم
100 1# - MAIN ENTRY--PERSONAL NAME
Personal name محمود، محمود
245 10 - TITLE STATEMENT
Title اللياقة والاستشفاء في المجال الرياضي /
264 1# - PRODUCTION, PUBLICATION, DISTRIBUTION, MANUFACTURE, AND COPYRIGHT NOTICE
Place of production, publication, distribution, manufacture عمان :
Name of producer, publisher, distributor, manufacturer دار ابن النفيس للنشر والتوزيع،
Date of production, publication, distribution, manufacture, or copyright notice 2020.
300 ## - PHYSICAL DESCRIPTION
Extent 146ص.
650 17 - SUBJECT ADDED ENTRY--TOPICAL TERM
Topical term or geographic name as entry element اللياقة البدنية
942 ## - ADDED ENTRY ELEMENTS (KOHA)
Source of classification or shelving scheme Dewey Decimal Classification
Koha item type كتب
المقتنيات
حالة السحب حالة الفقدان مصدر التصنيف حالة التلف غير قابل للإعارة المكتبة الرئيسية المكتبة الحالية موقع الرف تاريخ التزويد الرقم المتسلسل Total Checkouts رقم الإستدعاء الباركود تاريخ آخر ظهور تاريخ الفاتورة نوع المادة (كوها)
    Dewey Decimal Classification     المكتبة المركزية المكتبة المركزية الإعارة 28/07/2025 1720724   796.077/اسم PLD00464066 28/07/2025 28/07/2025 كتب
    Dewey Decimal Classification     المكتبة المركزية المكتبة المركزية مقتنيات قسم التزويد 29/09/2019 1720725   796.077/اسم PLD00469507 28/07/2025 29/09/2019 كتب
    Dewey Decimal Classification     مكتبة أبو علندا العامة مكتبة أبو علندا العامة الإعارة 29/09/2019 1720731   796.077/اسم PLD00469513 28/07/2025 29/09/2019 كتب
    Dewey Decimal Classification     مكتبة أم قصير والمقابلين العامة مكتبة أم قصير والمقابلين العامة الإعارة 29/09/2019 1720729   796.077/اسم PLD00469511 28/07/2025 29/09/2019 كتب
    Dewey Decimal Classification     مكتبة الاميرة بديعة مكتبة الاميرة بديعة الإعارة 29/09/2019 1720727   796.077/اسم PLD00469509 28/07/2025 29/09/2019 كتب
    Dewey Decimal Classification     مكتبة الجويدة مكتبة الجويدة الإعارة 29/09/2019 1720730   796.077/اسم PLD00469512 28/07/2025 29/09/2019 كتب
    Dewey Decimal Classification     مكتبة الحسن العامة مكتبة الحسن العامة الإعارة 29/09/2019 1720732   796.077/اسم PLD00469514 28/07/2025 29/09/2019 كتب
    Dewey Decimal Classification     مكتبة صويلح العامة مكتبة صويلح العامة الإعارة 29/09/2019 1720733   796.077/اسم PLD00469515 28/07/2025 29/09/2019 كتب
Implemented & Customized by: BBB with SCIT (Smart Chains for Information Technology)

Powered by Koha